Polska - prawda czy fałsz - Statystyki

Ogólne statystyki
  • Ten quiz został rozwiązany 8 947 razy
  • Średni wynik to 11 z 15
Statystyki odpowiedzi
Zagadnienie Odpowiedź % Poprawnych
Walutą Polski jest Złoty Prawda
97%
Najdłuższą rzeką jest Wisła Prawda
96%
Polski Papież miał na imię Karol Prawda
94%
Nazwa Polski po angielsku to Polonia Fałsz
92%
Prezydentem Polski jest Andrzej Duda Fałsz
89%
Najwyższym szczytem w Polsce jest Rysy Prawda
89%
Polska graniczy z dokładnie 6 krajami Fałsz
88%
Największe jezioro to Śniardwy (według ha) Prawda
88%
W Polsce odbyły się Mistrzostwa Świata w Piłce Nożnej Fałsz
81%
Aktualna konstytucja została uchwalona w 1952 Fałsz
81%
Pierwszym królem Polski był Mieszko I Fałsz
77%
Najdłuższa autostrada w Polsce to A4 Prawda
70%
Najbardziej wysuniętym miastem Polski na północ jest Hel Fałsz
40%
Najbardziej zaludnioną aglomeracja jest Warszawa? Fałsz
33%
Płock był stolicą Polski Prawda
33%
Nie znaleziono quizów pasujących do podanych kryteriów
Rozkład punktacji
Procent ludzi z każdym wynikiem
Percentyl według liczby udzielonych odpowiedzi
Twoja historia wyników
Nie rozwiązałeś tego quizu